Statistics for The Little Mermaid - Characters by Picture

Click here to take the quiz!

General Stats

  • This quiz has been taken 40 times
  • The average score is 8 of 48

Answer Stats

Answer% Correct
Ariel / The Little Mermaid
100%
Prince Eric
82%
Ursula
82%
King Triton
73%
Flounder
64%
Sebastian
64%
Scuttle
55%
Ariel / The Little Mermaid
32%
Flotsam / Jetsam
32%
Max
32%
Melody
27%
Chef Louis
23%
Sir Grimsby
23%
Carlotta
14%
Dash
14%
Morgana
14%
Tip
14%
Adella
9%
Alana
9%
Aquata
9%
Undertow
9%
Urchin
9%
Andrina
5%
Arista
5%
Attina
5%
Cloak / Dagger
5%
Harold
5%
Marina del Rey
5%
Queen Athena
5%
Spot
5%
The Evil Manta
5%
Archimedes
0%
Benjamin
0%
Cheeks
0%
Ebb
0%
Emperor Shanga
0%
Flo
0%
Gabriella
0%
Hans Christian Andersen
0%
Ink Spot
0%
Moray
0%
Pearl
0%
Ray-Ray
0%
Shelbow
0%
Swifty
0%
The Ancient Seaclops
0%
The Lobster Mobster
0%
The Magical Wishing Starfish
0%

Score Distribution

Percentile by Number Answered

Percent of People with Each Score

Your Score History

You have not taken this quiz